Reinventese : (Registro nro. 25033)

Detalles MARC
000 -LEADER
fixed length control field 01276nam a2200289 4500
001 - CONTROL NUMBER
control field 0000018237
003 - CONTROL NUMBER IDENTIFIER
control field CO-CtgCURN
005 - DATE AND TIME OF LATEST TRANSACTION
control field 20250331185257.0
007 - PHYSICAL DESCRIPTION FIXED FIELD--GENERAL INFORMATION
fixed length control field ta
008 - FIXED-LENGTH DATA ELEMENTS--GENERAL INFORMATION
fixed length control field 160627s2008 000 0 eng d
020 ## - INTERNATIONAL STANDARD BOOK NUMBER
International Standard Book Number 9789583032332
040 ## - CATALOGING SOURCE
Original cataloging agency CO-CtgCURN
Language of cataloging spa
Transcribing agency coctgcurn
082 0# - DEWEY DECIMAL CLASSIFICATION NUMBER
Classification number 658.4093
Item number R277
245 00 - TITLE STATEMENT
Title Reinventese :
Remainder of title encamine su carrera en la dirección correcta /
Statement of responsibility, etc. traducción del inglés Julio Paredes ; edición en español Gabriel Silva.
260 ## - PUBLICATION, DISTRIBUTION, ETC.
Place of publication, distribution, etc. Bogotá :
Name of publisher, distributor, etc. Panamericana Editorial,
Date of publication, distribution, etc. 2008.
300 ## - PHYSICAL DESCRIPTION
Extent 99 p.
336 ## - CONTENT TYPE
Source rdacontent
337 ## - MEDIA TYPE
Source rdamedia
Media type term sin mediacion
Media type code n
338 ## - CARRIER TYPE
Source rdacarrier
Carrier type term volumen
Carrier type code nc
490 1# - SERIES STATEMENT
Series statement Col. Desafios El Espectador
505 8# - FORMATTED CONTENTS NOTE
Formatted contents note ·Su carrera va en la dirección correcta?.--·Esta en el trabajo adecuado?.--Trace un plan para su carrera.--Realice un giro arriesgado en su carrera.--Evite el desgaste en el trabajo.--Maneje los dilemas de una doble carrera.--Reinventese.--Conviertase en candidato para un ascenso.--Determine el momento de cambiar.--Donde hallar mas ayuda
650 14 - SUBJECT ADDED ENTRY--TOPICAL TERM
Topical term or geographic name entry element Satisfacción en el trabajo.
700 1# - ADDED ENTRY--PERSONAL NAME
Personal name Paredes, Julio.
908 ## - PUT COMMAND PARAMETER (RLIN)
Put command parameter 160627
942 ## - ADDED ENTRY ELEMENTS (KOHA)
Koha item type Libros
Classification part 658.4093
Item part R277
Source of classification or shelving scheme Dewey Decimal Classification
Existencias
Withdrawn status Lost status Source of classification or shelving scheme Damaged status Not for loan Collection Home library Current library Shelving location Date acquired Inventory number Total checkouts Full call number Barcode Date last seen Price effective from Koha item type Public note
    Dewey Decimal Classification     General Miguel Henríquez Castañeda Miguel Henríquez Castañeda General 03/31/2025 016143   658.4093 R277 016143 03/31/2025 03/31/2025 Libros 650-ADMINS